[Event "Yuzhny op"]
[Site "Yuzhny"]
[Date "2010.09.08"]
[Round "2"]
[White "Onikienko, Vitaly"]
[Black "Pavlov, Sergey1111"]
[Result "1/2-1/2"]
[WhiteElo "2220"]
[BlackElo "2524"]
[PlyCount "93"]
[EventDate "2010.09.07"]
[EventType "swiss"]
[EventRounds "9"]
[EventCountry "UKR"]
[SourceTitle "CBM 138 Extra"]
[Source "ChessBase"]
[SourceDate "2010.10.29"]
[SourceVersion "1"]
[SourceVersionDate "2010.10.29"]
[SourceQuality "1"]

1. d4 e6 2. Nf3 c5 3. c3 Nf6 4. Bg5 h6 5. Bh4 b6 6. e3 Bb7 7. Nbd2 Be7 8. Bd3 g5 9. Bg3 g4 10. Ne5 h5 11. e4 d6 12. Qa4+ Kf8 13. Nec4 cxd4 14. cxd4 d5 15. exd5 Qxd5 16. Ne3 Qd7 17. Qxd7 Nbxd7 18. 0-0 Kg7 19. f3 Nd5 20. Nxd5 Bxd5 21. Rac1 Rac8 22. fxg4 hxg4 23. Ne4 Bxe4 24. Bxe4 Bf6 25. Bf2 Bg5 26. Rce1 Bf4 27. g3 Bd6 28. d5 Bc5 29. dxe6 fxe6 30. Bxc5 Rxc5 31. Rf4 Nf6 32. Bd3 Re8 33. Ref1 Rf8 34. Be2 Rg5 35. Rc1 Rf7 36. Rc6 Re7 37. b4 Kf7 38. Rc1 e5 39. Rf2 Kg7 40. Rc8 e4 41. Rf4 e3 42. Rc6 Nd5 43. Rd4 Nf6 44. Rf4 Nd5 45. Rd4 Nf6 46. Rf4 Nd5 47. Rd4 1/2-1/2

[Event "Yuzhny op"]
[Site "Yuzhny"]
[Date "2009.09.13"]
[Round "9"]
[White "Onikienko, Vitaly"]
[Black "Polishchuk, Oleg"]
[Result "0-1"]
[WhiteElo "2221"]
[BlackElo "2221"]
[PlyCount "92"]
[EventDate "2009.09.08"]
[EventType "swiss"]
[EventRounds "9"]
[EventCountry "UKR"]
[SourceTitle "CBM 132 Extra"]
[Source "ChessBase"]
[SourceDate "2009.11.03"]
[SourceVersion "1"]
[SourceVersionDate "2009.11.03"]
[SourceQuality "1"]

1. d4 d5 2. c4 e6 3. Nf3 c6 4. Qc2 Bd6 5. g3 Nf6 6. Nbd2 0-0 7. Bg2 Nbd7 8. 0-0 Re8 9. Rd1 Qe7 10. e4 dxe4 11. Nxe4 Nxe4 12. Qxe4 e5 13. Bg5 f6 14. Be3 exd4 15. Qxe7 Bxe7 16. Bxd4 Nb6 17. b3 Be6 18. Nd2 Bb4 19. a3 Bf8 20. Ne4 Bf5 21. Re1 Red8 22. Red1 Bg6 23. f3 Bf5 24. Be3 Bxe4 25. fxe4 Nd7 26. b4 Ne5 27. Bf1 b6 28. Be2 Kf7 29. Kf2 Be7 30. Ke1 a5 31. Rxd8 Bxd8 32. b5 c5 33. Rd1 g5 34. Bc1 Ke7 35. Bb2 Bc7 36. Rd5 a4 37. Kf2 h5 38. h3 Rh8 39. Kg2 Ng6 40. Bc1 Be5 41. Bd1 h4 42. g4 Ra8 43. Rd3 Bb2 44. Be3 Ne5 45. Rd5 Nxc4 46. Bg1 Bxa3 0-1

[Event "Yuzhny op"]
[Site "Yuzhny"]
[Date "2009.09.12"]
[Round "7"]
[White "Onikienko, Vitaly"]
[Black "Nasirov, Ruslan"]
[Result "1/2-1/2"]
[WhiteElo "2221"]
[BlackElo "1885"]
[PlyCount "135"]
[EventDate "2009.09.08"]
[EventType "swiss"]
[EventRounds "9"]
[EventCountry "UKR"]
[SourceTitle "CBM 132 Extra"]
[Source "ChessBase"]
[SourceDate "2009.11.03"]
[SourceVersion "1"]
[SourceVersionDate "2009.11.03"]
[SourceQuality "1"]

1. d4 Nf6 2. Nf3 g6 3. c4 Bg7 4. Nc3 0-0 5. e4 d6 6. Be2 e5 7. 0-0 Nc6 8. d5 Ne7 9. Ne1 Nd7 10. f3 f5 11. g4 Nf6 12. Nd3 b6 13. Be3 fxg4 14. fxg4 Qd7 15. Nf2 h6 16. h4 g5 17. h5 c5 18. dxc6 Nxc6 19. Qd2 Bb7 20. Rad1 Nd4 21. Nd5 Nxd5 22. exd5 b5 23. b3 bxc4 24. bxc4 Rf4 25. Bxd4 exd4 26. Bd3 Raf8 27. Bb1 Bc8 28. Bf5 Qc7 29. Bxc8 Qxc8 30. Qc2 Rf3 31. Rd3 Re3 32. Rd2 Qe8 33. Qg6 Qxg6 34. hxg6 Be5 35. Nd1 Rg3+ 36. Rg2 Rxg2+ 37. Kxg2 Rxf1 38. Kxf1 Kg7 39. Nf2 Kxg6 40. Kg2 h5 41. gxh5+ Kxh5 42. Kf3 Kh4 43. a4 a5 44. Nd3 g4+ 45. Kg2 Kg5 46. c5 Bf6 47. c6 Bd8 48. Nc5 Kf6 49. Ne6 Bb6 50. Nxd4 Ke5 51. Nb5 Kxd5 52. c7 Bxc7 53. Nxc7+ Kc4 54. Kg3 Kb4 55. Nb5 d5 56. Kxg4 Kxa4 57. Nc3+ Kb3 58. Nxd5 a4 59. Nf4 Kc2 60. Nd5 a3 61. Nb4+ Kb3 62. Nd3 Kc3 63. Nc1 Kc2 64. Na2 Kb2 65. Nb4 Kb3 66. Nd3 Kc2 67. Nb4+ Kb3 68. Nd3 1/2-1/2

[Event "Geller Memorial op-A 3rd"]
[Site "Odessa"]
[Date "2007.09.12"]
[Round "5"]
[White "Onikienko, Vitaly"]
[Black "Romaniv, Mykola"]
[Result "1-0"]
[WhiteElo "2265"]
[BlackElo "2053"]
[PlyCount "61"]
[EventDate "2007.09.08"]
[EventType "swiss"]
[EventRounds "9"]
[EventCountry "UKR"]
[SourceTitle "CBM 120 Extra"]
[Source "ChessBase"]
[SourceDate "2007.11.01"]
[SourceVersion "1"]
[SourceVersionDate "2007.11.01"]
[SourceQuality "1"]

1. d4 d5 2. c4 c6 3. Nc3 Nf6 4. e3 e6 5. Nf3 Nbd7 6. Qc2 Bb4 7. a3 Bxc3+ 8. bxc3 Ne4 9. Bd3 f5 10. 0-0 0-0 11. cxd5 exd5 12. c4 Nb6 13. cxd5 cxd5 14. Bd2 Nxd2 15. Qxd2 Be6 16. Ne5 Qd6 17. Rfb1 Rfc8 18. Rb4 Rc7 19. Rab1 Rb8 20. a4 Nc4 21. Bxc4 dxc4 22. Qc3 Qe7 23. f3 Bd5 24. Re1 b6 25. e4 fxe4 26. fxe4 Bb7 27. Rxc4 Rbc8 28. Rxc7 Rxc7 29. Qb3+ Kf8 30. Rf1+ Ke8 31. Qg8+ 1-0

[Event "Geller Memorial op-A 3rd"]
[Site "Odessa"]
[Date "2007.09.11"]
[Round "4"]
[White "Andreev, Volodymyr"]
[Black "Onikienko, Vitaly"]
[Result "0-1"]
[WhiteElo "1908"]
[BlackElo "2265"]
[PlyCount "92"]
[EventDate "2007.09.08"]
[EventType "swiss"]
[EventRounds "9"]
[EventCountry "UKR"]
[SourceTitle "CBM 120 Extra"]
[Source "ChessBase"]
[SourceDate "2007.11.01"]
[SourceVersion "1"]
[SourceVersionDate "2007.11.01"]
[SourceQuality "1"]

1. e4 c5 2. f4 Nc6 3. Nf3 d5 4. exd5 Qxd5 5. Nc3 Qd8 6. Bc4 e6 7. d3 Be7 8. 0-0 Nf6 9. Kh1 a6 10. a4 0-0 11. Be3 Qc7 12. Ne4 b6 13. Nxf6+ Bxf6 14. c3 Bb7 15. Qe2 Rad8 16. Rad1 Na5 17. Ba2 Bd5 18. c4 Bxf3 19. Rxf3 g6 20. Qf2 Nc6 21. a5 Bd4 22. Bxd4 Rxd4 23. axb6 Qxb6 24. Rh3 Qd8 25. Qe3 Qf6 26. Rf3 Rfd8 27. Qc1 R4d6 28. Bb1 Rb8 29. Rf2 Rb3 30. Rdd2 Rd8 31. h3 Rdb8 32. g4 Qd4 33. Kg2 f5 34. Qe1 Kf7 35. Qc1 a5 36. Rde2 Qd6 37. Qe3 Nd4 38. Rd2 h5 39. g5 Re8 40. Qe5 Qxe5 41. fxe5 Reb8 42. Ba2 R3b4 43. Kg3 Ra4 44. Bb1 Ra1 45. Rd1 a4 46. Rfd2 a3 0-1

[Event "Rodatychi op"]
[Site "Rodatychi"]
[Date "2006.09.01"]
[Round "9"]
[White "Ivanenko, Olga A"]
[Black "Onikienko, Vitaly"]
[Result "0-1"]
[WhiteElo "2134"]
[BlackElo "2235"]
[PlyCount "132"]
[EventDate "2006.08.27"]
[EventType "swiss"]
[EventRounds "9"]
[EventCountry "UKR"]
[SourceTitle "EXT 2008"]
[Source "ChessBase"]
[SourceDate "2007.11.25"]
[SourceVersion "1"]
[SourceVersionDate "2007.11.25"]
[SourceQuality "1"]

1. e4 c5 2. Nf3 a6 3. c3 d5 4. exd5 Qxd5 5. d4 g6 6. Be3 cxd4 7. cxd4 Bg7 8. Nc3 Qd6 9. Qd2 Nf6 10. Be2 0-0 11. 0-0 b5 12. Rfd1 Bb7 13. a3 Nbd7 14. Bf4 Qb6 15. Rac1 Rac8 16. b4 Nd5 17. Nxd5 Bxd5 18. Ne5 Nf6 19. f3 Bb3 20. Re1 Nd5 21. Bg3 Bxe5 22. Bxe5 Bc4 23. Bd1 Nc7 24. Bg3 Ne6 25. Bf2 Bd5 26. Be2 Rfd8 27. Qb2 Qd6 28. Rxc8 Rxc8 29. Rc1 Bc4 30. Be3 Qd5 31. Qc3 Rc7 32. Qb2 h5 33. Kf2 Kf8 34. g3 Kg8 35. Ke1 Ng7 36. Kf2 Nf5 37. Bd3 Qe6 38. Bxf5 Qxf5 39. Qc2 Qh3 40. Kg1 Rc6 41. Qg2 Qf5 42. Rd1 Bd5 43. Rf1 Rc2 44. Rf2 Rc3 45. Bf4 Rxa3 46. h4 Qb1+ 47. Kh2 Qxb4 48. Qh3 Qxd4 49. Qc8+ Kh7 50. Rd2 Ra2 51. Rxa2 Bxa2 52. Qf8 Qf2+ 53. Kh1 Qxf3+ 54. Kg1 Qd1+ 55. Kf2 Qc2+ 56. Ke3 Qc3+ 57. Kf2 Qd4+ 58. Ke1 Qg7 59. Qxe7 Qc3+ 60. Kf2 Qc2+ 61. Ke1 Bc4 62. Qe5 b4 63. Bd2 Qb1+ 64. Kf2 Qf1+ 65. Ke3 Qe2+ 66. Kd4 Qxd2+ 0-1

[Event "Rodatychi op"]
[Site "Rodatychi"]
[Date "2006.08.28"]
[Round "3"]
[White "Chernobaev, Leonid"]
[Black "Onikienko, Vitaly"]
[Result "0-1"]
[WhiteElo "2024"]
[BlackElo "2235"]
[PlyCount "32"]
[EventDate "2006.08.27"]
[EventType "swiss"]
[EventRounds "9"]
[EventCountry "UKR"]
[SourceTitle "EXT 2008"]
[Source "ChessBase"]
[SourceDate "2007.11.25"]
[SourceVersion "1"]
[SourceVersionDate "2007.11.25"]
[SourceQuality "1"]

1. e4 d5 2. exd5 Nf6 3. d4 Nxd5 4. c4 Nb6 5. Nc3 e5 6. dxe5 Qxd1+ 7. Kxd1 Nc6 8. Nb5 Bg4+ 9. f3 0-0-0+ 10. Ke2 Bf5 11. Kf2 a6 12. Nc3 Nxe5 13. b3 Bc5+ 14. Ke1 Rhe8 15. Be2 Nd3+ 16. Kf1 Nf2 0-1